| 000 | 00400nam a22001217a 4500 | ||
|---|---|---|---|
| 020 | _a9781845935160 | ||
| 082 |
_a333.913 _bBUR/IR |
||
| 100 |
_aBurton,Martin _91262 |
||
| 245 | _aIrrigation Management: Principles and Practices | ||
| 260 |
_aOxfordshire _bCabi international _c2010 |
||
| 300 | _a375 | ||
| 942 | _cBBS | ||
| 999 |
_c14719 _d14719 |
||